00514nam a2200121 a 4500008004100000050002600041110006000067245013700127260004100264300002000305500004100325650002600366150429s1974 ||||||||||||||||| || u aGOV.ZAM(05)PD/1974/35 aGovernment of the Republic of Zambia. National Assembly10aOfficial verbatim report of the parliamentary debates of the first session of the third national assemblycBy the Natiional Assembly aLusaka:bThe National Assemblyc1974 aVarious pagings a12th December, 1973-14th March, 1974 aPARLIAMENTARY DEBATES